Países de Oceanía menos adivinados en Jetpunk - Estadísticas

Estadísticas generales
  • Esta prueba ha sido intentada 36 veces
  • La puntuación promedio es 10 de 11
Estadísticas de respuestas
% de adivinación País % Correcto
25 Islas Marshall
100%
31 Fiyi
97%
17 Nauru
97%
20 Tuvalu
97%
23 Islas Salomón
93%
20 Samoa
93%
21 Tonga
93%
19 Vanuatu
93%
20 Kiribati
90%
28 Estados Federados de Micronesia
86%
20 Palaos
83%
No se encontraron pruebas coincidentes
Distribución de puntuación
Porcentaje de gente con cada puntuación
Porcentaje por número respondido
Historial de tus puntuaciones
No has intentado esta prueba.